[Event "Petroupoli op 3rd"]
[Site "Petroupoli"]
[Date "2012.03.24"]
[Round "5"]
[White "Vasiliou, Iordanis"]
[Black "Kavvadas, Dionisios"]
[Result "0-1"]
[WhiteElo "1000"]
[BlackElo "1265"]
[PlyCount "62"]
[EventDate "2012.03.10"]
[EventType "swiss"]
[EventRounds "7"]
[EventCountry "GRE"]
[SourceTitle "CBM 147 Extra"]
[Source "ChessBase"]
[SourceDate "2012.04.24"]
[SourceVersion "1"]
[SourceVersionDate "2012.04.24"]
[SourceQuality "1"]

1. e4 e5 2. Nf3 Nc6 3. Bc4 Bc5 4. c3 Nf6 5. d4 exd4 6. cxd4 Bb4+ 7. Nc3 Nxe4 8. 0-0 Bxc3 9. d5 Ne7 10. bxc3 d6 11. Re1 Nc5 12. Bg5 f6 13. Bf4 0-0 14. Be3 b6 15. Qe2 Re8 16. Nd4 Kh8 17. Ne6 Nxe6 18. dxe6 Ng6 19. Bd4 d5 20. Qf3 c6 21. Bd3 Rxe6 22. Qh5 Qe8 23. Rxe6 Bxe6 24. Re1 Nf8 25. Qh4 Qf7 26. Re3 c5 27. Bxf6 Qxf6 28. Qh5 Qxc3 29. Rf3 Qe5 30. Bf1 d4 31. Qh4 Bc4 0-1

[Event "Petroupoli op 3rd"]
[Site "Petroupoli"]
[Date "2012.03.21"]
[Round "4"]
[White "Vasilakis, Gavriel"]
[Black "Vasiliou, Iordanis"]
[Result "0-1"]
[WhiteElo "1005"]
[BlackElo "1000"]
[PlyCount "82"]
[EventDate "2012.03.10"]
[EventType "swiss"]
[EventRounds "7"]
[EventCountry "GRE"]
[SourceTitle "CBM 147 Extra"]
[Source "ChessBase"]
[SourceDate "2012.04.24"]
[SourceVersion "1"]
[SourceVersionDate "2012.04.24"]
[SourceQuality "1"]

1. e4 e5 2. Nf3 Nc6 3. Bc4 Bc5 4. c3 Nf6 5. d4 exd4 6. cxd4 Bb4+ 7. Nc3 Nxe4 8. 0-0 Bxc3 9. d5 Ne5 10. bxc3 Nxc4 11. Qd4 Ncd6 12. Qxg7 Qf6 13. Qg4 Qg6 14. Qf4 0-0 15. Kh1 b6 16. Bb2 Ba6 17. Rae1 Rae8 18. h3 Bxf1 19. Rxf1 Nc4 20. Bc1 Ned6 21. Qh4 Re4 22. Bf4 Nf5 23. Qg4 Qxg4 24. hxg4 Rxf4 25. gxf5 Rxf5 26. Re1 Rxd5 27. Re4 Rd6 28. Rxc4 Rc6 29. Rg4+ Kh8 30. c4 Rg8 31. Rh4 a6 32. Ne5 Rf6 33. f3 d6 34. Nd3 b5 35. cxb5 axb5 36. Rb4 c6 37. a4 bxa4 38. Rxa4 Rfg6 39. g4 f5 40. Nf2 fxg4 41. fxg4 h5 0-1

[Event "Petroupoli op 3rd"]
[Site "Petroupoli"]
[Date "2012.03.17"]
[Round "3"]
[White "Vasiliou, Iordanis"]
[Black "Grapsas, Panagiotis"]
[Result "0-1"]
[WhiteElo "1000"]
[BlackElo "1496"]
[PlyCount "50"]
[EventDate "2012.03.10"]
[EventType "swiss"]
[EventRounds "7"]
[EventCountry "GRE"]
[SourceTitle "CBM 147 Extra"]
[Source "ChessBase"]
[SourceDate "2012.04.24"]
[SourceVersion "1"]
[SourceVersionDate "2012.04.24"]
[SourceQuality "1"]

1. e4 c5 2. Nf3 d6 3. d4 cxd4 4. Nxd4 Nf6 5. Nc3 a6 6. Bd3 e6 7. 0-0 Be7 8. Re1 Nbd7 9. f4 Qc7 10. e5 dxe5 11. fxe5 Nxe5 12. Bf4 Bd6 13. Ne4 Nxe4 14. Rxe4 0-0 15. Bxe5 Bxe5 16. Qh5 f5 17. Rh4 g6 18. Qh6 Qg7 19. Qe3 g5 20. Nf3 Bxb2 21. Rh5 h6 22. Re1 g4 23. Bc4 gxf3 24. Bxe6+ Kh7 25. Bxc8 Qxg2# 0-1

[Event "Petroupoli op 3rd"]
[Site "Petroupoli"]
[Date "2012.03.14"]
[Round "2"]
[White "Mantzakouras, Loukas"]
[Black "Vasiliou, Iordanis"]
[Result "1-0"]
[WhiteElo "1312"]
[BlackElo "1000"]
[PlyCount "70"]
[EventDate "2012.03.10"]
[EventType "swiss"]
[EventRounds "7"]
[EventCountry "GRE"]
[SourceTitle "CBM 147 Extra"]
[Source "ChessBase"]
[SourceDate "2012.04.24"]
[SourceVersion "1"]
[SourceVersionDate "2012.04.24"]
[SourceQuality "1"]

1. e4 e5 2. Nf3 Nc6 3. Bc4 Nd4 4. Nxd4 exd4 5. c3 Qe7 6. 0-0 dxc3 7. Nxc3 d6 8. Nd5 Qd7 9. a4 Nf6 10. Qc2 c6 11. Re1 cxd5 12. Bb5 dxe4 13. Bxd7+ Bxd7 14. d3 Rc8 15. Qb3 Bc6 16. Bg5 d5 17. Rac1 Be7 18. Bxf6 Bxf6 19. dxe4 d4 20. e5 Bg5 21. Rc5 0-0 22. Qg3 Bh6 23. e6 fxe6 24. Rxe6 Bf4 25. Qd3 Be4 26. Qxe4 Rxc5 27. g3 Rc1+ 28. Kg2 Bh6 29. Re8 Rc8 30. Rxf8+ Rxf8 31. Qxd4 a6 32. b4 g6 33. b5 Bg7 34. Qd5+ Rf7 35. bxa6 bxa6 1-0